Mercado de trabajo y políticas sociales en torno al milenio /
El autor examina los grandes procesos de cambio -que junto con los efectos de las reformas- están ocurriendo en el mercado de trabajo y en sus actores, efectuando comparaciones internacionales sobre estos ejes de discusión. Francisco León relaciona la experiencia de América Latina con la de los país...
Gardado en:
| Autor Principal: | |
|---|---|
| Formato: | Texto |
| Series: | SERIE POLITICAS SOCIALES/CEPAL
|
| Materias: | |
| Etiquetas: |
Engadir etiqueta
Sen Etiquetas, Sexa o primeiro en etiquetar este rexistro!
|
MARC
| LEADER | 00000 a a2200000 04500 | ||
|---|---|---|---|
| 001 | 17454 | ||
| 003 | |||
| 040 | |||
| 090 | |a REV1291 (19) 1997 | ||
| 100 | |a León, Francisco | ||
| 245 | |a Mercado de trabajo y políticas sociales en torno al milenio / |c Francisco León | ||
| 440 | |a SERIE POLITICAS SOCIALES/CEPAL | ||
| 520 | |a El autor examina los grandes procesos de cambio -que junto con los efectos de las reformas- están ocurriendo en el mercado de trabajo y en sus actores, efectuando comparaciones internacionales sobre estos ejes de discusión. Francisco León relaciona la experiencia de América Latina con la de los países de Asia oriental, señalando las diferencias existentes entre los aspectos de empleo, productividad e ingresos y las diversas etapas de crecimiento y evolución demográfica existentes entre ellos. REV//jmml | ||
| 650 | |a MERCADO LABORAL | ||
| 650 | |a POLITICA SOCIAL | ||
| 650 | |a POBREZA | ||
| 650 | |a CRECIMIENTO DEMOGRAFICO | ||
| 650 | |a AJUSTE ESTRUCTURAL | ||
| 650 | |a OCUPACIONES | ||
| 650 | |a MODELOS ECONOMICOS | ||
| 773 | |a número19, (1997) | ||
| 999 | |c 40007 |d 40007 | ||
